ბათუმის შოთა რუსთაველის სახელმწიფო უნივერსიტეტის ბიბლიოთეკა

მშენებლობის ორგანიზაციის პროექტი : (ბიბ.ჩანაწერი № 39138)

000 -ლიდერი
ფიქსირებული სიგრძის საკონტროლო ველი 01079nam a2200241Ia 4500
001 - საკონტროლო ნომერი
საკონტროლო ველი 5721
003 - საკონტროლო ნომრის იდენტიფიკატორი
საკონტროლო ველი GE_BSU
005 - ბოლო ოპერაციის თარიღი და დრო
საკონტროლო ველი 20190601023557.0
008 - ფიქსირებული სიგრძის მონაცემთა ელემენტები - ზოგადი ინფორმაცია
ფიქსირებული სიგრძის საკონტროლო ველი 181216s1976||||ge |||||||||||||| ||geo||
040 ## - კატალოგიზაციის წყარო
Transcribing agency GE_BSU
041 ## - ენის კოდი
Language code of text/sound track or separate title geo
080 ## - უნივერსალური ათობითი კლასიფიკაციის ინდექსი
Universal Decimal Classification number 69(083.94) ნ-67
100 ## - მთავარი ჩანაწერი - პიროვნების სახელი
Personal name ნინუა, გ.
9 (RLIN) 1946
245 ## - ცნობა სათაურის შესახებ
Title მშენებლობის ორგანიზაციის პროექტი :
Remainder of title დამხმ. სახელმძღ. /
Statement of responsibility, etc გ. ნინუა, ზ. მაჭავარიანი, გ. სადუნიშვილი ; რედ. ე. კირვალიძე.
260 ## - გამოქვეყნების, გავრცელების, და სხვა. ცნობები
Place of publication, distribution, etc თბ.
264 ## - წარმოების, გამოცემის, დისტრიბუციის და სხვა ცნობები
გამოცემის, წარმოების, დისტრიბუციის... ადგილი თბილისი :
გამოცემის, წარმოების, დისტრიბუციის... სახელწოდება სპი,
გამოცემის, წარმოების, დისტრიბუციის... თარიღი 1976.
300 ## - ფიზიკური აღწერა
Extent 70 გვ.;
Dimensions 20 სმ.
504 ## - BIBLIOGRAPHY, ETC. NOTE
Bibliography, etc ბიბლიოგრ. : გვ.68.
653 ## - INDEX TERM--UNCONTROLLED
Uncontrolled term მშენებლობის ორგანიზაციის პროექტი
700 ## - ADDED ENTRY--PERSONAL NAME
Personal name მაჭავარიანი, ზ.
Relator term ავტორი
9 (RLIN) 1947
700 ## - ADDED ENTRY--PERSONAL NAME
Personal name სადუნიშვილი, გ.
Relator term ავტორი
9 (RLIN) 1948
942 ## - ADDED ENTRY ELEMENTS (KOHA)
Koha item type წიგნი
Source of classification or shelving scheme
ეგზემპლარები
ჩამოწერის სტატუსი დაკარგული ეგზემპლარის სტატუსი კლასიფიკაციის წყარო ან თაროზე გაწყობის სქემა დაზიანების სტატუსი არ გაიცემა მუდმივი მდებარეობა (დაცვის ადგილი) ამჟამინდელი ადგილსამყოფელი თაროზე განთავსების ადგილი შეძენის თარიღი ღირებულება, შესყიდვის ნორმალური ფასი სრული შენახვის შიფრი შტრიხკოდი ბოლო ოპერაციის თარიღი ეგზემპლარის მიმდევრობითი ნომერი (კეტერი?) ფასის ძალაში შესვლის თარიღი ეგზემპლარის სახეობა საჯარო შენიშვნა
          ტექნოლოგიური ფაკულტეტის ბიბლიოთეკა ტექნოლოგიური ფაკულტეტის ბიბლიოთეკა წიგნსაცავი 2018-12-17 1.20 69(083.94) ნ-67 12048 2018-12-17 12048 2018-12-17 წიგნი 1.20 ლ.
          ტექნოლოგიური ფაკულტეტის ბიბლიოთეკა ტექნოლოგიური ფაკულტეტის ბიბლიოთეკა წიგნსაცავი 2018-12-17 1.20 69(083.94) ნ-67 12049 2018-12-17 12049 2018-12-17 წიგნი 1.20 ლ.
          ტექნოლოგიური ფაკულტეტის ბიბლიოთეკა ტექნოლოგიური ფაკულტეტის ბიბლიოთეკა წიგნსაცავი 2018-12-17 1.20 69(083.94) ნ-67 12050 2018-12-17 12050 2018-12-17 წიგნი 1.20 ლ.